Les plus gros transferts du football - Gardiens de but - Statistiques

Statistiques générales
  • Ce quiz a été pris 418 fois
    79 depuis la dernière actualisation
  • Le résultat moyen est 8 sur 10
Statistiques - réponses
Montant de transfert (M €) Saison Nationalité Venant de Allant à Joueur % Correct
62,50 2018-2018 Brésil AS Roma Liverpool Alisson
97%
50,20 2023-2024 Cameroun Inter Manchester United André Onana
96%
52,88 2001-2002 Italie AC Parma Juventus Turin Gianluigi Buffon
96%
40,00 2024-2025 France LOSC Lille Paris Saint-Germain Lucas Chevalier
96%
35,00 2018-2019 Belgique Chelsea Real Madrid Thibaut Courtois
96%
40,00 2017-2018 Brésil Benfica Manchester City Ederson
94%
80,00 2018-2019 Espagne Athletic Chelsea Kepa Arrizabalaga
86%
31,90 2024-2025 Espagne Brentford Arsenal David Raya
79%
35,00 2019-2020 Pays-Bas Barcelone FC Valencia Jasper Cillessen
62%
31,20 2025-2026 Angleterre Burnley FC Manchester City James Trafford
41%
Aucun quiz correspondant
Distribution des résultats
% des personnes avec chaque résultat
Percentile par nombre de réponses
Votre historique - résultats
Vous n’avez pas pris ce quiz depuis la dernière actualisation